000 00779nam a2200253Ia 4500
003 OSt
005 20220926013810.0
006 a|||||r|||| 00| 0
007 ta
008 220923b |||||||| |||| 00| 0 eng d
037 _cGeneral Book
040 _aRTL
_cRTL
_beng
041 _2eng
_aeng
082 _aX:(B), L0
100 _aWonnacott Ronald J
_9128940
245 0 _aEconometrics
260 _aNew York
_bJohn Wiley U S A
_c1970
300 _aix, 445p. Appendixes p401-29,Glossary p439-45
_ccm.
490 _aWiley series in probability and mathematical statistics
650 _aMathematical Economics
700 _a Wonnacott Thomas H
_9318599
942 _hX:(B), L0
_cGB
_2CC
999 _c626887
_d626887